000 00937 a2200241 4500
005 20080911143730.0
008 080911t xxu||||| |||| 00| 0 eng d
010 _aENG-91435
020 _c195.00
_a9788120336124
035 _aEN-74968
037 _bDBAD / PUB
040 _adpl
_bEnglish
082 _a372.35044
100 _aKalra, R.M.
245 _aScience education for teacher trainees and in-service teachers:
_cby R.M. Kalra
_blearning to learn modern science /
260 _aNew Delhi
_bPHI Learning
_c2008
270 _aM-97, Connaught Circus
_bNewDelhi
_e110001
300 _aviii, 176p.
_c23 cm. (pbk)
500 _aIncludes index
650 _aScience
_xStudy and teaching
942 _adpl
_cEN
_2ddc
_mKAL
_h372.35044
999 _c17245
_d17245